Sports Quiz

Random Sports or Basketball Quiz

NBA Rookies Venn Diagram Quiz Stats

 Plays Quiz not verified by Sporcle

Score 0/8 Timer 03:00
14 Plays Today
% Correct
Michael Jordan
#3 overall, 1984
28.2 ppg
ROY
77.7%
Shaquille O'Neal
#1 overall, 1992
23.4 ppg
ROY
76.7%
Donovan Mitchell
#13 overall, 2017
20.5 ppg
Not ROY (Ben Simmons)
76.7%
Mark Jackson
#18 overall, 1987
13.6 ppg
ROY
66%
Kyrie Irving
#1 overall, 2011
18.5 ppg
ROY
61.4%
Hakeem Olajuwon
#1 overall, 1984
20.6 ppg
Not ROY (Michael Jordan)
53.8%
Dwyane Wade
#5 overall, 2003
16.2 ppg
Not ROY (LeBron James)
52%
Anthony Davis
#1 overall, 2012
13.5 ppg
Not ROY (Damian Lillard)
47.3%

You're not logged in!

Compare scores with friends on all Sporcle quizzes.
OR
Log In

Show Comments

Extras

Top Quizzes Today


Score Distribution

Your Account Isn't Verified!

In order to create a playlist on Sporcle, you need to verify the email address you used during registration. Go to your Sporcle Settings to finish the process.

Report this User

Report this user for behavior that violates our Community Guidelines.

Details: